| 000 | 01087nam a22002531 4500 | ||
|---|---|---|---|
| 001 | he 67000062 | ||
| 003 | DLC | ||
| 005 | 20260227111443.0 | ||
| 008 | 850918m19669999is ab 00010 eng | ||
| 010 | _ahe 67000062 //r85 | ||
| 040 |
_aDLC/ICU _cICU |
||
| 043 | _ae-ur--- | ||
| 050 | 0 |
_aQL690.R9 _bD443 |
|
| 082 | 0 | _a598.2947 | |
| 100 | 1 | 0 |
_aDementʹev, G. P. _q(Georgiĭ Petrovich) |
| 240 | 1 | 0 |
_aPtit͡sy Sovetskogo Soi͡uza. _lEnglish |
| 245 | 1 | 0 |
_aBirds of the Soviet Union _b(Ptitsy Sovetskogo Soyuza) _c[by] G.P. Dementʹev [and others] Translated from Russian [by A. Birron and Z.S. Cole]. |
| 260 | 0 |
_aJerusalem, _bIsrael Program for Scientific Translations; _b[available from the U.S. Dept. of Commerce, Clearinghouse for Federal Scientific and Technical Information, Springfield, Va.] _c1966-<70 > |
|
| 300 |
_av. <1-6 > _billus., maps. _c24 cm. |
||
| 500 | _aPublished for the Smithsonian Institution and National Science Foundation, Washington. | ||
| 650 | 0 |
_aBirds _zSoviet Union. |
|
| 710 | 2 | 0 | _aSmithsonian Institution. |
| 710 | 2 | 0 | _aNational Science Foundation (U.S.) |
| 999 |
_c32074 _d32074 |
||